[Event "GER-ch U18 sf Berlin Online"]
[Site "Playchess.com INT"]
[Date "2020.05.01"]
[Round "12"]
[White "Pohle, Saskia"]
[Black "Santos, Felipe"]
[Result "1-0"]
[WhiteElo "1406"]
[BlackElo "1620"]
[PlyCount "113"]
[EventDate "2020.05.01"]
[EventType "swiss (blitz)"]
[EventRounds "13"]
[EventCountry "GER"]
[SourceTitle "CBM 195 Extra"]
[Source "ChessBase"]
[SourceDate "2020.05.31"]
[SourceVersion "1"]
[SourceVersionDate "2020.05.31"]
[SourceQuality "1"]

1. e4 d5 2. exd5 Qxd5 3. Nc3 Qa5 4. d4 c6 5. Nf3 Nf6 6. Bd2 Qc7 7. Qe2 Bg4 8. 0-0-0 Nbd7 9. Be3 0-0-0 10. h3 Bh5 11. d5 e6 12. dxe6 fxe6 13. Bxa7 b6 14. Qa6+ Qb7 15. Nd4 Bxd1 16. Nxc6 Qxa6 17. Bxa6+ Kc7 18. Nxd8 Kxd8 19. Rxd1 Bc5 20. f3 Ke7 21. Bb5 Ra8 22. Bxd7 Nxd7 23. Nb5 Ne5 24. Re1 Nc4 25. Rxe6+ Kxe6 26. Nc7+ Kd6 27. Nxa8 Kc6 28. b3 Nd6 29. b4 Be3+ 30. Kd1 Nc8 31. Ke2 Bh6 32. Nxb6 Nxb6 33. Bxb6 Kxb6 34. c4 g6 35. Kd3 Bf8 36. Kc3 Kc6 37. a4 Kb6 38. a5+ Ka6 39. Kb3 Kb7 40. Ka4 Ka6 41. b5+ Kb7 42. Kb3 Be7 43. Kc3 Bf6+ 44. Kb4 Be7+ 45. Kc3 Bf6+ 46. Kd3 Be7 47. Kd4 Bb4 48. a6+ Kb6 49. Kd5 Kc7 50. c5 Kb8 51. Kc6 h5 52. b6 g5 53. Kb5 Bd2 54. c6 g4 55. a7+ Ka8 56. Ka6 gxf3 57. b7# 1-0

[Event "GER-ch U18 sf Berlin Online"]
[Site "Playchess.com INT"]
[Date "2020.05.01"]
[Round "3"]
[White "Santos, Felipe"]
[Black "Metzdorf, Matteo"]
[Result "0-1"]
[WhiteElo "1620"]
[BlackElo "1864"]
[PlyCount "130"]
[EventDate "2020.05.01"]
[EventType "swiss (blitz)"]
[EventRounds "13"]
[EventCountry "GER"]
[SourceTitle "CBM 195 Extra"]
[Source "ChessBase"]
[SourceDate "2020.05.31"]
[SourceVersion "1"]
[SourceVersionDate "2020.05.31"]
[SourceQuality "1"]

1. e4 c5 2. Nf3 e6 3. d4 cxd4 4. Nxd4 a6 5. Nc3 Qc7 6. Be3 Nc6 7. Qd2 Nf6 8. f3 Be7 9. g4 d6 10. h4 Ne5 11. 0-0-0 Nc4 12. Bxc4 Qxc4 13. h5 b5 14. g5 Nd7 15. g6 Ne5 16. gxf7+ Kxf7 17. h6 g6 18. Bg5 b4 19. Qf4+ Ke8 20. Nb1 Rf8 21. Qh4 Ra7 22. f4 Nc6 23. Nxc6 Qxc6 24. f5 Rc7 25. Rd2 exf5 26. exf5 Bxg5 27. Re1+ Re7 28. Rxe7+ Bxe7 29. Re2 Qc7 30. f6 Rf7 31. Nd2 Kf8 32. fxe7+ Rxe7 33. Rf2+ Rf7 34. Rxf7+ Kxf7 35. Qf2+ Bf5 36. Nb3 Qc4 37. Nd4 Qd5 38. Nxf5 Qxf5 39. Qa7+ Ke6 40. Qe3+ Qe5 41. Qxe5+ Kxe5 42. Kd2 g5 43. Ke3 Kf5 44. Kf3 Kg6 45. Kg4 Kxh6 46. c4 bxc3 47. bxc3 Kg6 48. a3 h5+ 49. Kg3 Kf5 50. a4 h4+ 51. Kh3 a5 52. c4 Ke4 53. Kg4 Kd4 54. Kxg5 h3 55. Kg4 h2 56. Kf3 h1Q+ 57. Ke2 Qa1 58. c5 Qxa4 59. cxd6 Qd7 60. Kd2 Qxd6 61. Kc2 Kc4 62. Kb2 Qd3 63. Kc1 Qe2 64. Kb1 Kc3 65. Ka1 Qb2# 0-1

[Event "GER-ch U18 sf Berlin Online"]
[Site "Playchess.com INT"]
[Date "2020.05.01"]
[Round "7"]
[White "Santos, Felipe"]
[Black "Trube, Ted"]
[Result "0-1"]
[WhiteElo "1620"]
[BlackElo "1378"]
[PlyCount "43"]
[EventDate "2020.05.01"]
[EventType "swiss (blitz)"]
[EventRounds "13"]
[EventCountry "GER"]
[SourceTitle "CBM 195 Extra"]
[Source "ChessBase"]
[SourceDate "2020.05.31"]
[SourceVersion "1"]
[SourceVersionDate "2020.05.31"]
[SourceQuality "1"]

1. e4 e5 2. Nf3 Nc6 3. d4 exd4 4. Nxd4 Qf6 5. Be3 Bc5 6. Nb5 Bxe3 7. fxe3 Qe5 8. N1c3 a6 9. Nd4 Nxd4 10. exd4 Qe7 11. Bc4 Nf6 12. Qf3 d6 13. 0-0-0 Bg4 14. Qg3 Bxd1 15. Rxd1 g6 16. e5 dxe5 17. dxe5 Nd7 18. Qg4 0-0-0 19. e6 Ne5 20. Rxd8+ Rxd8 21. a3 Nxg4 22. exf7 0-1

[Event "GER-ch U18 sf Berlin Online"]
[Site "Playchess.com INT"]
[Date "2020.05.01"]
[Round "13"]
[White "Santos, Felipe"]
[Black "Vassiliou, Leander"]
[Result "0-1"]
[WhiteElo "1620"]
[BlackElo "1344"]
[PlyCount "94"]
[EventDate "2020.05.01"]
[EventType "swiss (blitz)"]
[EventRounds "13"]
[EventCountry "GER"]
[SourceTitle "CBM 195 Extra"]
[Source "ChessBase"]
[SourceDate "2020.05.31"]
[SourceVersion "1"]
[SourceVersionDate "2020.05.31"]
[SourceQuality "1"]

1. e4 c5 2. Nf3 e6 3. d4 cxd4 4. Nxd4 Nf6 5. Nc3 Qb6 6. Be3 Qxb2 7. Ndb5 Bb4 8. Nc7+ Kd8 9. Nxa8 Bxc3+ 10. Bd2 Qxa1 11. Qxa1 Bxa1 12. Bc4 Be5 13. 0-0 Ke7 14. Bb4+ Bd6 15. Bxd6+ Kxd6 16. f4 Nxe4 17. Rd1+ Kc6 18. Bb3 d5 19. c4 dxc4 20. Bxc4 Nd6 21. Bb3 b5 22. a4 Kb7 23. Rxd6 Kxa8 24. axb5 Nd7 25. Ba4 Rd8 26. b6 axb6 27. Bc6+ Kb8 28. Rd2 Kc7 29. Rc2 Nc5 30. Bb5 Bd7 31. Bxd7 Rxd7 32. Kf2 Kd6 33. Ke3 Rc7 34. Rxc5 Rxc5 35. Ke4 f5+ 36. Kd4 e5+ 37. fxe5+ Rxe5 38. Kc4 Re2 39. Kb4 Rxg2 40. Kb5 f4 41. Ka6 f3 42. h4 f2 43. h5 f1Q+ 44. Ka7 Ra2+ 45. Kb7 Qa6+ 46. Kb8 Qa7+ 47. Kc8 Qc7# 0-1

[Event "Niedersachsen-ch op-B"]
[Site "Verden an der Aller"]
[Date "2020.01.03"]
[Round "3"]
[White "Santos, Felipe"]
[Black "Hoke, Joshua Sky"]
[Result "0-1"]
[WhiteElo "1274"]
[BlackElo "1566"]
[PlyCount "90"]
[EventDate "2020.01.02"]
[EventType "swiss"]
[EventRounds "7"]
[EventCountry "GER"]
[SourceTitle "EXT 2023"]
[Source "ChessBase"]
[SourceDate "2022.10.05"]
[SourceVersion "1"]
[SourceVersionDate "2022.10.05"]
[SourceQuality "1"]

1. e4 e5 2. Nf3 Nc6 3. d4 exd4 4. Nxd4 Bc5 5. Be3 Qf6 6. Nb5 Bxe3 7. fxe3 Qh4+ 8. g3 Qxe4 9. Nxc7+ Kd8 10. Nxa8 Qxh1 11. Qg4 Nge7 12. Qxg7 Rg8 13. Qh6 Qd5 14. Nc3 Qg5 15. Qxg5 Rxg5 16. 0-0-0 b6 17. Ne4 Rd5 18. Nd6 Rxd1+ 19. Kxd1 Nd5 20. Kd2 f5 21. Bg2 Nf6 22. Nb5 Bb7 23. Nxb6 axb6 24. Nd6 Ba6 25. Nxf5 Ne5 26. b3 d5 27. Nd4 Ne4+ 28. Bxe4 dxe4 29. Ne6+ Ke7 30. Ng5 Nf3+ 31. Nxf3 exf3 32. Ke1 b5 33. Kf2 Bb7 34. c3 Kd6 35. h4 h5 36. a4 bxa4 37. bxa4 Kc5 38. a5 Kb5 39. a6 Kxa6 40. g4 hxg4 41. h5 Be4 42. Kg3 Kb5 43. h6 Kc4 44. Kf4 Bh7 45. e4 f2 0-1

[Event "Oberliga Nord W 1819"]
[Site "Germany"]
[Date "2019.04.07"]
[Round "9.7"]
[White "Krallmann, Matthias"]
[Black "Santos, Felipe"]
[Result "1-0"]
[WhiteElo "2140"]
[BlackElo "1212"]
[PlyCount "51"]
[EventDate "2018.10.21"]
[EventType "team-tourn"]
[EventRounds "9"]
[EventCountry "GER"]
[SourceTitle "EXT 2020"]
[Source "ChessBase"]
[SourceDate "2019.10.17"]
[SourceVersion "1"]
[SourceVersionDate "2019.10.17"]
[SourceQuality "1"]
[WhiteTeam "Werder Bremen II"]
[BlackTeam "Hellern"]
[WhiteTeamCountry "GER"]
[BlackTeamCountry "GER"]

1. d4 Nf6 2. c4 b6 3. Nc3 Bb7 4. Qc2 d5 5. cxd5 Nxd5 6. Nf3 e6 7. e4 Nf6 8. Bg5 h6 9. Bxf6 Qxf6 10. Bb5+ c6 11. Be2 Nd7 12. 0-0 Bb4 13. e5 Qd8 14. Ne4 0-0 15. a3 Be7 16. b4 c5 17. dxc5 Bxe4 18. Qxe4 bxc5 19. Rfd1 Rb8 20. Qc6 Qb6 21. Qxd7 Rb7 22. Qa4 cxb4 23. axb4 Bxb4 24. Rab1 Rfb8 25. Ba6 Rc7 26. Rd4 1-0

[Event "Niedersachsen-ch op B"]
[Site "Verden"]
[Date "2019.01.05"]
[Round "6"]
[White "Frese, Immo"]
[Black "Santos, Felipe"]
[Result "1/2-1/2"]
[WhiteElo "1728"]
[BlackElo "1411"]
[PlyCount "48"]
[EventDate "2019.01.03"]
[EventType "swiss"]
[EventRounds "7"]
[EventCountry "GER"]
[SourceTitle "EXT 2022"]
[Source "ChessBase"]
[SourceDate "2021.10.06"]
[SourceVersion "1"]
[SourceVersionDate "2021.10.06"]
[SourceQuality "1"]

1. d4 Nf6 2. g3 Nc6 3. Bg2 e6 4. c4 b6 5. Nc3 Bb7 6. Nf3 d5 7. cxd5 Nxd5 8. Nxd5 Qxd5 9. 0-0 Qd7 10. a3 0-0-0 11. e3 e5 12. b4 exd4 13. b5 Na5 14. Nxd4 Bxg2 15. Kxg2 g6 16. Qc2 Bg7 17. Bb2 Qd5+ 18. Kg1 Rhe8 19. Rfd1 Bxd4 20. Rxd4 Qxb5 21. Rad1 Rxd4 22. Rxd4 Nc6 23. Ra4 Re6 24. Qc3 Kb7 1/2-1/2

[Event "Niedersachsen-ch op B"]
[Site "Verden"]
[Date "2019.01.05"]
[Round "5"]
[White "Santos, Felipe"]
[Black "Tenninger, Joerg"]
[Result "0-1"]
[WhiteElo "1411"]
[BlackElo "1489"]
[PlyCount "102"]
[EventDate "2019.01.03"]
[EventType "swiss"]
[EventRounds "7"]
[EventCountry "GER"]
[SourceTitle "EXT 2022"]
[Source "ChessBase"]
[SourceDate "2021.10.06"]
[SourceVersion "1"]
[SourceVersionDate "2021.10.06"]
[SourceQuality "1"]

1. e4 e6 2. d4 d5 3. Bd3 Nf6 4. e5 Nfd7 5. Ne2 c5 6. c3 Nc6 7. Nd2 cxd4 8. cxd4 Qg5 9. 0-0 f5 10. exf6 Nxf6 11. Nf3 Qh5 12. Re1 Bd6 13. Ng3 Bxg3 14. fxg3 0-0 15. Bf4 h6 16. a3 g5 17. Bd6 Rd8 18. Be5 Ng4 19. Qc2 Ncxe5 20. dxe5 Kg7 21. h3 Rf8 22. hxg4 Qxg4 23. Rf1 Qxg3 24. Nh2 Bd7 25. Bh7 Qxe5 26. Qg6+ Kh8 27. Qxh6 Qg7 28. Rxf8+ Rxf8 29. Qxg7+ Kxg7 30. Bd3 Rf4 31. Nf3 Kf6 32. Kf2 e5 33. Ke3 e4 34. g3 Rxf3+ 35. Ke2 Rxd3 36. Rf1+ Rf3 37. Rxf3+ exf3+ 38. Kxf3 Bf5 39. g4 Be4+ 40. Ke3 Ke5 41. b4 d4+ 42. Kd2 Kf4 43. b5 Kxg4 44. b6 axb6 45. a4 Kf3 46. a5 bxa5 47. Ke1 g4 48. Kf1 a4 49. Ke1 a3 50. Kd1 Ke3 51. Ke1 a2 0-1

[Event "Niedersachsen-ch op B"]
[Site "Verden"]
[Date "2019.01.04"]
[Round "3"]
[White "Alhamid, Mohamad"]
[Black "Santos, Felipe"]
[Result "1-0"]
[WhiteElo "1463"]
[BlackElo "1411"]
[PlyCount "101"]
[EventDate "2019.01.03"]
[EventType "swiss"]
[EventRounds "7"]
[EventCountry "GER"]
[SourceTitle "EXT 2022"]
[Source "ChessBase"]
[SourceDate "2021.10.06"]
[SourceVersion "1"]
[SourceVersionDate "2021.10.06"]
[SourceQuality "1"]

1. e4 d5 2. exd5 Qxd5 3. Nc3 Qa5 4. d3 c6 5. Bd2 Qc7 6. g3 Nf6 7. Bg2 Bg4 8. Nge2 e6 9. Bf4 e5 10. Be3 Bd6 11. Qd2 Nbd7 12. 0-0-0 Bb4 13. f3 Be6 14. a3 Bd6 15. f4 0-0-0 16. fxe5 Nxe5 17. Nd4 Bg4 18. Rdf1 Bc5 19. Qf2 Bd7 20. h3 Kb8 21. Nxc6+ Bxc6 22. Bxc5 Bxg2 23. Bxa7+ Ka8 24. Qxg2 Kxa7 25. Nb5+ Kb8 26. Nxc7 Kxc7 27. Re1 Rhe8 28. Qf2 Kb8 29. Qf4 Nd5 30. Qg5 f6 31. Qd2 Rc8 32. Re2 Red8 33. Kb1 Nf3 34. Qc1 Nd4 35. Rf2 Rc7 36. Qe1 Rdc8 37. Qe4 Rd8 38. Qxd4 Nc3+ 39. Qxc3 Rxc3 40. bxc3 Re8 41. Kb2 Kc7 42. Kb3 Kd6 43. Rf5 Re3 44. Rg1 Re2 45. c4 Kc6 46. d4 Re3+ 47. c3 Re6 48. d5+ Kd6 49. c5+ Kxc5 50. dxe6+ Kd6 51. Re1 1-0

[Event "Niedersachsen-ch op C"]
[Site "Verden"]
[Date "2018.01.04"]
[Round "2"]
[White "Santos, Felipe"]
[Black "Lambrecht, Harald"]
[Result "0-1"]
[WhiteElo "1316"]
[BlackElo "1230"]
[PlyCount "83"]
[EventDate "2018.01.04"]
[EventType "swiss"]
[EventRounds "7"]
[EventCountry "GER"]
[SourceTitle "EXT 2022"]
[Source "ChessBase"]
[SourceDate "2021.10.06"]
[SourceVersion "1"]
[SourceVersionDate "2021.10.06"]
[SourceQuality "1"]

1. e4 e6 2. d4 d5 3. Bd3 c5 4. c3 cxd4 5. cxd4 Bb4+ 6. Nc3 Ne7 7. Nge2 0-0 8. 0-0 Nbc6 9. Bc2 dxe4 10. Bxe4 Nd5 11. Bc2 h6 12. Qd3 Nf6 13. d5 exd5 14. Nxd5 Qxd5 15. Qg3 Qh5 16. a3 Bc5 17. b4 Bd4 18. Nxd4 Nxd4 19. Bd1 Qg6 20. Qe5 Bh3 21. Qg3 Qxg3 22. fxg3 Bg4 23. Rf4 Bxd1 24. Rxd4 Rfd8 25. Be3 Rxd4 26. Bxd4 Bb3 27. Rc1 Be6 28. Rc7 b6 29. a4 Nd5 30. Rc4 Rc8 31. Rxc8+ Bxc8 32. a5 bxa5 33. bxa5 a6 34. Kf2 g6 35. Kf3 h5 36. Ke4 Bb7 37. Ke5 Ne7 38. Kd6 Nf5+ 39. Kc7 Bxg2 40. Bg1 Bf1 41. Kd7 Bb5+ 42. Kc7 0-1

[Event "Niedersachsen-ch op-C"]
[Site "Verden"]
[Date "2016.01.06"]
[Round "7"]
[White "Santos, Felipe"]
[Black "Nagel, Philipp"]
[Result "0-1"]
[WhiteElo "1169"]
[BlackElo "807"]
[PlyCount "138"]
[EventDate "2016.01.03"]
[EventType "swiss"]
[EventRounds "7"]
[EventCountry "GER"]
[SourceTitle "EXT 2018"]
[Source "ChessBase"]
[SourceDate "2017.10.13"]
[SourceVersion "1"]
[SourceVersionDate "2017.10.13"]
[SourceQuality "1"]

1. e4 d5 2. exd5 Qxd5 3. Nc3 Qa5 4. Bc4 Nf6 5. d3 c6 6. Nge2 Bg4 7. f3 Bf5 8. Be3 e6 9. 0-0 Bd6 10. Ng3 Bxg3 11. hxg3 0-0 12. g4 Bg6 13. Re1 Nbd7 14. Qd2 e5 15. Rad1 b5 16. Bb3 b4 17. Ne4 Bxe4 18. dxe4 Rad8 19. Qe2 Nc5 20. Rxd8 Rxd8 21. Rd1 Rxd1+ 22. Qxd1 Nxb3 23. cxb3 g6 24. Bh6 Ne8 25. Qd7 Qb6+ 26. Kh2 Qb8 27. Qe7 Ng7 28. Qf6 Qf8 29. Qxe5 Kh8 30. Qf6 Kg8 31. Qxc6 Qd8 32. Qb5 Ne6 33. Qxb4 Qh4+ 34. Kg1 Qxh6 35. Qb8+ Kg7 36. Qe5+ Kf8 37. Qb8+ Ke7 38. Qxa7+ Kf6 39. e5+ Kxe5 40. Qa5+ Kf6 41. f4 Nxf4 42. g5+ Qxg5 43. Qxg5+ Kxg5 44. a4 Nd5 45. a5 Nb4 46. Kf2 Kf4 47. g3+ Ke4 48. Kg2 h5 49. Kh3 f5 50. Kh4 Kf3 51. a6 Nxa6 52. b4 Nxb4 53. b3 Nd3 54. b4 Nxb4 55. Kg5 Kxg3 56. Kxg6 h4 57. Kxf5 h3 58. Ke5 h2 59. Kd4 h1Q 60. Ke5 Qh4 61. Kf5 Qg4+ 62. Ke5 Qf4+ 63. Ke6 Kg4 64. Ke7 Qh6 65. Kf7 Kf5 66. Kg8 Qa6 67. Kh8 Qa7 68. Kg8 Kf6 69. Kh8 Qg7# 0-1

[Event "Niedersachsen-ch op-C"]
[Site "Verden"]
[Date "2016.01.05"]
[Round "6"]
[White "Niemann, Marcel"]
[Black "Santos, Felipe"]
[Result "1-0"]
[WhiteElo "938"]
[BlackElo "1169"]
[PlyCount "89"]
[EventDate "2016.01.03"]
[EventType "swiss"]
[EventRounds "7"]
[EventCountry "GER"]
[SourceTitle "EXT 2018"]
[Source "ChessBase"]
[SourceDate "2017.10.13"]
[SourceVersion "1"]
[SourceVersionDate "2017.10.13"]
[SourceQuality "1"]

1. d4 d5 2. c4 e6 3. Bf4 Nf6 4. Nc3 a6 5. a4 Be7 6. Nf3 0-0 7. h3 Nbd7 8. c5 e5 9. Nxe5 Nxe5 10. Bxe5 Bd7 11. e3 Re8 12. Be2 b6 13. b4 a5 14. Bxf6 Bxf6 15. Nxd5 axb4 16. Nxf6+ Qxf6 17. 0-0 bxc5 18. dxc5 Rad8 19. Qb3 Qg6 20. Qb1 Qg5 21. g4 Qxc5 22. Rc1 Qb6 23. a5 Qf6 24. Qxb4 Ra8 25. Qc3 Qxc3 26. Rxc3 Rec8 27. a6 Ra7 28. Rb3 g6 29. Rb7 Rxb7 30. axb7 Rb8 31. Ra8 Rxa8 32. bxa8Q+ Kg7 33. Qb7 Be6 34. Qxc7 h6 35. Bc4 Bxc4 36. Qxc4 f6 37. f4 g5 38. f5 Kh7 39. Qf7+ Kh8 40. Qxf6+ Kh7 41. e4 h5 42. e5 h4 43. Qxg5 Kh8 44. f6 Kh7 45. Qg7# 1-0

[Event "Niedersachsen-ch op-B"]
[Site "Verden"]
[Date "2015.01.05"]
[Round "7"]
[White "Santos, Felipe"]
[Black "Lau, Magdalene"]
[Result "1-0"]
[WhiteElo "954"]
[BlackElo "775"]
[PlyCount "45"]
[EventDate "2015.01.02"]
[EventType "swiss"]
[EventRounds "7"]
[EventCountry "GER"]
[SourceTitle "EXT 2018"]
[Source "ChessBase"]
[SourceDate "2017.10.13"]
[SourceVersion "1"]
[SourceVersionDate "2017.10.13"]
[SourceQuality "1"]

1. e4 e5 2. Nf3 Nc6 3. d4 exd4 4. Nxd4 Bb4+ 5. Nc3 Nf6 6. Nxc6 bxc6 7. e5 Bxc3+ 8. bxc3 Nd5 9. c4 Ne7 10. Bd3 d5 11. exd6 cxd6 12. 0-0 0-0 13. Qh5 h6 14. Re1 Re8 15. f4 Rb8 16. f5 Nxf5 17. Bxf5 Rxe1+ 18. Kf2 Qe8 19. Bxh6 Rxa1 20. Bxg7 Qe1+ 21. Kf3 f6 22. Qh8+ Kf7 23. Qf8# 1-0

[Event "Niedersachsen-ch op-B"]
[Site "Verden"]
[Date "2015.01.02"]
[Round "1"]
[White "Brockmeyer, Tobias"]
[Black "Santos, Felipe"]
[Result "1-0"]
[WhiteElo "1475"]
[BlackElo "954"]
[PlyCount "133"]
[EventDate "2015.01.02"]
[EventType "swiss"]
[EventRounds "7"]
[EventCountry "GER"]
[SourceTitle "EXT 2018"]
[Source "ChessBase"]
[SourceDate "2017.10.13"]
[SourceVersion "1"]
[SourceVersionDate "2017.10.13"]
[SourceQuality "1"]

1. d4 d5 2. c4 e6 3. Nc3 Nf6 4. Bg5 Be7 5. e3 Nbd7 6. Bd3 dxc4 7. Bxc4 b6 8. Nf3 Bb7 9. 0-0 0-0 10. Rc1 h6 11. Bxf6 Nxf6 12. Ne5 Bd6 13. Nd3 Ne4 14. Nb5 Qg5 15. Ne1 Qh4 16. Nxd6 Nxd6 17. Nf3 Bxf3 18. Qxf3 Nxc4 19. Rxc4 Rad8 20. Rxc7 Rd5 21. Rxa7 Rf5 22. Qg3 Qe4 23. Ra3 Rg5 24. Qh3 Qf5 25. Qxf5 Rxf5 26. Rc1 Rb5 27. Rc2 Rd8 28. Rac3 e5 29. Rc4 exd4 30. Rxd4 Rbd5 31. Rxd5 Rxd5 32. h3 Rd1+ 33. Kh2 Ra1 34. a3 b5 35. Kg3 Kh7 36. Kf3 f5 37. Rc5 g6 38. Rxb5 Kg7 39. Rb6 Ra2 40. Kf4 Ra1 41. Ra6 Rb1 42. b4 Rb2 43. Kf3 g5 44. Rb6 h5 45. a4 g4+ 46. hxg4 hxg4+ 47. Kg3 Ra2 48. a5 Kf7 49. a6 Ke7 50. b5 Kd7 51. Rf6 Rb2 52. Rxf5 Kc7 53. f3 gxf3 54. gxf3 Kb6 55. e4 Rxb5 56. Rxb5+ Kxb5 57. e5 Kxa6 58. e6 Kb7 59. e7 Kc8 60. e8Q+ Kc7 61. Qe6 Kb8 62. Qd7 Ka8 63. f4 Kb8 64. f5 Ka8 65. f6 Kb8 66. f7 Ka8 67. f8R# 1-0

[Event "Niedersachsen-ch op-B"]
[Site "Verden"]
[Date "2015.01.02"]
[Round "2"]
[White "Santos, Felipe"]
[Black "Nietsch, Felix"]
[Result "0-1"]
[WhiteElo "954"]
[BlackElo "1212"]
[PlyCount "106"]
[EventDate "2015.01.02"]
[EventType "swiss"]
[EventRounds "7"]
[EventCountry "GER"]
[SourceTitle "EXT 2018"]
[Source "ChessBase"]
[SourceDate "2017.10.13"]
[SourceVersion "1"]
[SourceVersionDate "2017.10.13"]
[SourceQuality "1"]

1. e4 e6 2. d4 d5 3. exd5 exd5 4. Be2 Nf6 5. Nf3 Bd6 6. 0-0 0-0 7. Re1 Bf5 8. Bg5 Nbd7 9. Nbd2 c6 10. Bd3 Bxd3 11. cxd3 Qc7 12. Bxf6 Nxf6 13. Ne5 Rfe8 14. Ndf3 Nd7 15. Qd2 Nxe5 16. dxe5 Bxe5 17. Nxe5 Rxe5 18. Rxe5 Qxe5 19. d4 Qf5 20. Re1 h6 21. Qb4 Rb8 22. Qa5 a6 23. Qc7 Qc8 24. Qf4 Qd8 25. g3 Rc8 26. Qg4 Rc7 27. Qh4 Qxh4 28. gxh4 Kf8 29. Kg2 Re7 30. Rc1 Re4 31. h5 Rxd4 32. Rc3 Ke7 33. Rb3 b5 34. Ra3 Ra4 35. Rxa4 bxa4 36. a3 c5 37. Kf3 Ke6 38. Ke3 Kf5 39. f4 Kg4 40. f5 Kxf5 41. h3 Ke5 42. h4 f5 43. Kd3 f4 44. Ke2 Ke4 45. Kf2 d4 46. Ke2 c4 47. Kd2 f3 48. Ke1 Ke3 49. Kf1 f2 50. Kg2 Ke2 51. Kh1 f1Q+ 52. Kh2 Kf2 53. b3 Qg2# 0-1

[Event "Niedersachsen-ch U10"]
[Site "Norderney"]
[Date "2014.04.13"]
[Round "4"]
[White "Kahlsdorf, Hendrik"]
[Black "Santos, Felipe"]
[Result "1-0"]
[WhiteElo "1072"]
[BlackElo "759"]
[PlyCount "115"]
[EventDate "2014.04.??"]
[EventType "swiss"]
[EventRounds "11"]
[EventCountry "GER"]
[SourceTitle "EXT 2017"]
[Source "ChessBase"]
[SourceDate "2016.10.25"]
[SourceVersion "1"]
[SourceVersionDate "2016.10.25"]
[SourceQuality "1"]

1. e4 d5 2. exd5 Qxd5 3. Nc3 Qa5 4. Nf3 Nf6 5. d4 c6 6. Bd2 Qc7 7. Bd3 Bg4 8. h3 Bh5 9. Qe2 e6 10. 0-0-0 Be7 11. g4 Bg6 12. Rhe1 Bxd3 13. Qxd3 Nbd7 14. Kb1 b5 15. Re2 b4 16. Ne4 a5 17. Rde1 a4 18. Qc4 Nxe4 19. Rxe4 a3 20. b3 Nb6 21. Qd3 Nd7 22. Ne5 c5 23. Nxd7 Qxd7 24. dxc5 Qxd3 25. cxd3 Bxc5 26. Be3 Be7 27. Bd4 Rd8 28. Bxg7 Kd7 29. Bxh8 Rxh8 30. Rc1 Bf6 31. Rxb4 Bg5 32. Rd1 Bf6 33. Ra4 Bb2 34. Rd2 Rc8 35. Rxb2 axb2 36. Kxb2 Kc6 37. Rc4+ Kb7 38. Rxc8 Kxc8 39. a4 Kb7 40. Ka3 Kb6 41. Kb4 Kb7 42. Kb5 Kb8 43. Kb6 f5 44. gxf5 exf5 45. a5 h5 46. a6 h4 47. a7+ Ka8 48. d4 f4 49. Kc6 Kxa7 50. d5 Kb8 51. b4 Kc8 52. b5 f3 53. d6 Kd8 54. b6 Kc8 55. b7+ Kb8 56. d7 Ka7 57. d8Q Ka6 58. Qa8# 1-0

[Event "Niedersachsen-ch op-B"]
[Site "Verden"]
[Date "2014.01.02"]
[Round "1"]
[White "Rabsch, Peter"]
[Black "Santos, Felipe"]
[Result "1-0"]
[WhiteElo "1694"]
[BlackElo "734"]
[PlyCount "41"]
[EventDate "2014.01.02"]
[EventType "swiss"]
[EventRounds "7"]
[EventCountry "GER"]
[SourceTitle "EXT 2016"]
[Source "ChessBase"]
[SourceDate "2015.10.08"]
[SourceVersion "1"]
[SourceVersionDate "2015.10.08"]
[SourceQuality "1"]

1. d4 d5 2. Nf3 Nf6 3. e3 Bg4 4. Nbd2 e6 5. Be2 Be7 6. 0-0 0-0 7. b3 c5 8. Bb2 b6 9. c4 cxd4 10. Nxd4 Bxe2 11. Qxe2 e5 12. N4f3 e4 13. Nd4 Nh5 14. Qxh5 Bg5 15. Qg4 Qf6 16. cxd5 Qe5 17. Nxe4 Qxd5 18. Nxg5 Qa5 19. Ne4 f5 20. Nxf5 Rxf5 21. Qxg7# 1-0